Montaž i ekspluatacija lopastnych nanosov.

Uložené v:
Podrobná bibliografia
Hlavný autor: German, A. L. (Author)
Médium: Kniha
Jazyk:Russian
Vydané: 1961.
Tagy: Pridať tag
Žiadne tagy, Buďte prvý kto otaguje tento záznam!

MARC

LEADER 00000nam a2200000 a 4500
001 000131991
005 20160726082445.0
008 040101s1961 e ruso
041 0 |a rus 
100 1 |a German, A. L.  |4 aut 
245 1 0 |a Montaž i ekspluatacija lopastnych nanosov. 
260 |c 1961. 
500 |a Záznam revízie 
910 |a svkkk 
998 |a BK 
090 |g SCKHL  |k Sklad Pribinova 2. posch.  |a X0.1657  |j 06079  |i 131991-10  |4 Zastaraná  |s Vyradená